| 000 | 00679nam a2200181Ia 4500 | ||
|---|---|---|---|
| 003 | GCL | ||
| 008 | 140319s9999 xx 000 0 ara d | ||
| 040 |
_aGCL / _cGCL |
||
| 082 | 0 | 4 |
_aم _b011 _bا م |
| 100 | 1 | _aاحمد الشرقاوى اقبال | |
| 245 | 1 | 0 |
_aمعجم المعاجم : _bتعريف بنحو الف ونصف الف من المعاجم العربية التراثية / _cاحمد الشرقاوى اقبال |
| 250 | _aالثانية | ||
| 260 |
_aبيروت : _bدار الغرب الاسلامى ، _c1993 |
||
| 300 |
_a391 ص ؛ _c24 سم |
||
| 650 | 0 | 4 | _aالمراجع |
| 650 | 0 | 4 | _aالببليوجرافيات الموضوعية |
| 942 |
_2ddc _cREF |
||
| 999 |
_c59604 _d59604 |
||